Normal view
MARC view
- الفصول الدراسية-إدارة. الإدارة التعليمية
Entry Topical Term
001 - CONTROL NUMBER
- control field: 22427
003 - CONTROL NUMBER IDENTIFIER
- control field: JO-AjAnu
005 - DATE AND TIME OF LATEST TRANSACTION
- control field: 20230606073854.0
008 - FIXED-LENGTH DATA ELEMENTS
- fixed length control field: 230606|| aca||aabn | a|a d
040 ## - CATALOGING SOURCE
- Original cataloging agency: JO-AjAnu
- Transcribing agency: JO-AjAnu
150 ## - HEADING--TOPICAL TERM
- Topical term or geographic name entry element: الفصول الدراسية-إدارة. الإدارة التعليمية
670 ## - SOURCE DATA FOUND
- Source citation: Work cat.: (JO-AjAnu)11527: كبة،زينب بسام مترجم/السيد سليمان،محمد طالب مراجع/Evertson,Carolyn M مؤلف/Emmer,Edmund م.مؤلف/Worsham,Murray E م.مؤلف/ , author 22426, الإدارة الصفية لمدرسي المرحلة الثانوية=Classroom Management For Secondary Teachers